<?xml version="1.0" encoding="UTF-8"?>
<record
    xmlns:xsi="http://www.w3.org/2001/XMLSchema-instance"
    xsi:schemaLocation="http://www.loc.gov/MARC21/slim http://www.loc.gov/standards/marcxml/schema/MARC21slim.xsd"
    xmlns="http://www.loc.gov/MARC21/slim">

  <leader>00905nam a22002177a 4500</leader>
  <datafield tag="999" ind1=" " ind2=" ">
    <subfield code="c">12086</subfield>
    <subfield code="d">12086</subfield>
  </datafield>
  <controlfield tag="003">AR-CdUCM</controlfield>
  <controlfield tag="008">190405b           ||||| |||| 00| 0 spa d</controlfield>
  <datafield tag="040" ind1=" " ind2=" ">
    <subfield code="a">MUNICIPALIDAD PROVINCIAL DEL CUSCO</subfield>
    <subfield code="c">BIBLIOTECA MUNICIPAL DEL CUSCO</subfield>
  </datafield>
  <datafield tag="082" ind1=" " ind2=" ">
    <subfield code="a">EP / 498.51 /</subfield>
    <subfield code="b">G96</subfield>
  </datafield>
  <datafield tag="100" ind1=" " ind2=" ">
    <subfield code="a">Gutierrez Zambrano, Elena</subfield>
  </datafield>
  <datafield tag="245" ind1=" " ind2=" ">
    <subfield code="a">"Kusisami"  :</subfield>
    <subfield code="a">Felicidad :</subfield>
    <subfield code="b">Qheswa simi yachay qallarinapaq /</subfield>
    <subfield code="b">Cuaderno para el aprendizaje b&#xE1;sico del quechua /</subfield>
  </datafield>
  <datafield tag="260" ind1=" " ind2=" ">
    <subfield code="a">Cusco :</subfield>
    <subfield code="b">Dannys Graff E.I.R.L.</subfield>
    <subfield code="c">2007.</subfield>
  </datafield>
  <datafield tag="300" ind1=" " ind2=" ">
    <subfield code="a">83 paginas</subfield>
    <subfield code="c">30 cm.</subfield>
  </datafield>
  <datafield tag="505" ind1=" " ind2=" ">
    <subfield code="a">Contenido :Hanllallikuna (las vocales) -- Kurkunchis (nuestro cuerpo) -- Wasi ayllu (la familia) -- Hatun ayllu (la comunidad) -- Yupakuna (los n&#xFA;meros) ...</subfield>
  </datafield>
  <datafield tag="650" ind1=" " ind2=" ">
    <subfield code="a">Idioma quechua</subfield>
    <subfield code="9">27790</subfield>
  </datafield>
  <datafield tag="650" ind1=" " ind2=" ">
    <subfield code="a">Lengua espa&#xF1;ola</subfield>
    <subfield code="9">1124</subfield>
  </datafield>
  <datafield tag="650" ind1=" " ind2=" ">
    <subfield code="a">Traducci&#xF3;n</subfield>
    <subfield code="9">29769</subfield>
  </datafield>
  <datafield tag="700" ind1=" " ind2=" ">
    <subfield code="a">Tapia Canales, Rosa</subfield>
    <subfield code="9">29648</subfield>
  </datafield>
  <datafield tag="942" ind1=" " ind2=" ">
    <subfield code="2">ddc</subfield>
    <subfield code="c">LIBROS</subfield>
  </datafield>
  <datafield tag="945" ind1=" " ind2=" ">
    <subfield code="a">pjha</subfield>
    <subfield code="d">2019-04-10</subfield>
  </datafield>
  <datafield tag="952" ind1=" " ind2=" ">
    <subfield code="0">0</subfield>
    <subfield code="2">ddc</subfield>
    <subfield code="4">0</subfield>
    <subfield code="7">0</subfield>
    <subfield code="a">SI</subfield>
    <subfield code="b">SI</subfield>
    <subfield code="c">CHILD</subfield>
    <subfield code="d">2019-04-05</subfield>
    <subfield code="g">23.00</subfield>
    <subfield code="o">EP / 498.51 / G96</subfield>
    <subfield code="p">SI00001327</subfield>
    <subfield code="r">2019-04-05</subfield>
    <subfield code="y">LIBROS</subfield>
  </datafield>
  <datafield tag="952" ind1=" " ind2=" ">
    <subfield code="0">0</subfield>
    <subfield code="2">ddc</subfield>
    <subfield code="4">0</subfield>
    <subfield code="7">0</subfield>
    <subfield code="a">SI</subfield>
    <subfield code="b">SI</subfield>
    <subfield code="c">CHILD</subfield>
    <subfield code="d">2019-04-10</subfield>
    <subfield code="g">23.00</subfield>
    <subfield code="o">EP / 498.51 / G96 / e.2</subfield>
    <subfield code="p">SI00001636</subfield>
    <subfield code="r">2019-04-10</subfield>
    <subfield code="y">LIBROS</subfield>
  </datafield>
</record>
